00640nam a2200157Ia 4500008004100000050002100041082001900062100003000081245006900111260002400180300003300204500006700237650006300304952009800367999001700465121101s9999 xx 000 0 und d aHG 4521 C36 2009 a352.6 C36 2009 aCanales Pontaza, Marcelo. aProyecto de inversión "Intense Bar" / Marcelo Canales Pontaza. aMéxico : el autor a230 h. : gráficas ; 28 cm. aProyecto de inversión . Universidad Insurgentes- Plantel Sur a1. inversiones. 2. Proyectos de desarrollo económico.Ì 00104070a12b12d2009-10-14l0oHG 4521 C36 2009p12 002505r2015-04-22t1w2012-11-01yLB c87982d87982